Hoeveel keer past Nederland in de volgende landen - Statistieken

Algemene statistieken
  • Deze quiz is 35 keer genomen
  • De gemiddelde score is 11 van 16
Antwoordstatistieken
Hint Land % Correct
16 Frankrijk
96%
9 Duitsland
92%
12 Spanje
92%
7 Italie
76%
8 Polen
76%
2 Portugal
76%
9 Noorwegen
72%
11 Zweden
72%
9 Finland
68%
14 Oekraïne
68%
6 Roemenië
68%
6 Verenigd Koninkrijk
64%
2 Oostenrijk
60%
3 Griekenland
48%
5 Wit-Rusland
40%
2 Ierland
36%
Geen overeenkomende quizzen gevonden
Scoreverdeling
Procent van Mensen met Elke Score
Percentiel versus Aantal Correcte Antwoorden
Uw Scoregeschiedenis
U heeft deze quiz nog niet genomen